000 00435 a2200169 4500
001 185045
020 _a85-322-0697
040 _cMagnum
100 _aRocha, Ruth
240 1 0 _aAlvinho, o edifício City of Taubaté e o cachorro Wenceslau
_lpor
245 1 0 _aAlvinho, o edifício City of Taubaté e o cachorro Wenceslau
300 _a
362 0 _a1993
440 1 _aFTD
697 _aLITERATURA INFANTO-JUVENIL
942 _cBK
999 _c185045
_d185045